បក្សីជាប់ទ្រុងនៅទីក្រុងភ្នំពេញ / (Record no. 9407)

MARC details
000 -LEADER
fixed length control field 02103nam a22002897a 4500
001 - CONTROL NUMBER
control field 9407
003 - CONTROL NUMBER IDENTIFIER
control field FISKH
005 - DATE AND TIME OF LATEST TRANSACTION
control field 20260105151940.0
008 - FIXED-LENGTH DATA ELEMENTS--GENERAL INFORMATION
fixed length control field 260105b cb ||||| |||| 00| 0 eng d
040 ## - CATALOGING SOURCE
Original cataloging agency FISKH
Language of cataloging khr
Transcribing agency FISKH
Modifying agency FISKH
050 ## - LIBRARY OF CONGRESS CALL NUMBER
Classification number PZ7
082 ## - DEWEY DECIMAL CLASSIFICATION NUMBER
Classification number 800
100 ## - MAIN ENTRY--PERSONAL NAME
Personal name Lipp , Frederick
245 ## - TITLE STATEMENT
Title បក្សីជាប់ទ្រុងនៅទីក្រុងភ្នំពេញ /
Statement of responsibility, etc. និពន្ធដោយ : Frederick Lipp , គូរដោយ : Ronald Himler , កែសំរួលដោយ : ឈឿង ឆេងហាក់
260 ## - PUBLICATION, DISTRIBUTION, ETC.
Place of publication, distribution, etc. ភ្នំពេញ :
Name of publisher, distributor, etc. Sipar ,
Date of publication, distribution, etc. 2004 .
300 ## - PHYSICAL DESCRIPTION
Extent 32 pages :
Other physical details color illustrations ;
Dimensions 15 x 19 cm .
490 ## - SERIES STATEMENT
Series statement ខ្ញុំចង់អាន​
505 ## - FORMATTED CONTENTS NOTE
Formatted contents note R <br/>
520 ## - SUMMARY, ETC.
Summary, etc. អារី ជាក្មេងស្រីក្រីក្រម្នាក់​​ដែលរស់នៅតាមដងវិថីក្នុងទីក្រុងភ្នំពេញជាមួយនឹងគ្រួសាររបស់នាង​ ។ អារីពុំដែលបានឃើញ ទីជនបទ វាលស្រែ បក្សីហោះហើរដោយសេរី ។ បក្សីដែលនាងស្គាល់ គឺសុទ្ធតែជាបក្សីជាប់ទ្រុងដោយសារជាប់អន្ទាក់ ។ ថ្ងៃមួយ អារីសម្រេចចិត្តទិញបក្សីមួយ .............
520 ## - SUMMARY, ETC.
Summary, etc. Ari is a poor young girl who lives along the streets of Phnom Penh with her family. Ari has never seen the countryside, rice fields, or birds flying freely. The birds she knows are all birds trapped in cages because they were caught in traps. One day, Ari decided to buy a bird ………
521 8# - TARGET AUDIENCE NOTE
Target audience note 700 <br/>
Source Lexile estimate <br/>
521 8# - TARGET AUDIENCE NOTE
Target audience note R <br/>
Source Raz-Plus <br/>
650 ## - SUBJECT ADDED ENTRY--TOPICAL TERM
Topical term or geographic name entry element បក្សីជាប់ទ្រុងនៅក្រុងភ្នំពេញ
Form subdivision រឿងនិទានកុមារ
700 ## - ADDED ENTRY--PERSONAL NAME
Personal name Himler , Ronald
Relator term Illustrator
942 ## - ADDED ENTRY ELEMENTS (KOHA)
Source of classification or shelving scheme Dewey Decimal Classification
Koha item type Khmer Books
Suppress in OPAC No
Holdings
Withdrawn status Lost status Source of classification or shelving scheme Damaged status Not for loan Collection Home library Current library Shelving location Date acquired Total Checkouts Full call number Barcode Date last seen Price effective from Koha item type
    Dewey Decimal Classification     Khmer Language Books / សៀវភៅភាសាខ្មែរ Footprints International School Library Network Toul Tom Poung Campus Footprints International School Library Network Toul Tom Poung Campus TTP Primary Khmer Bookshelves 01/05/2026   LIP PZ7 800 FISBK04053 01/05/2026 01/05/2026 Khmer Books